| 000 | 00606nam a2200169Ia 4500 | ||
|---|---|---|---|
| 008 | 180925s9999 xx 000 0 und d | ||
| 100 | _aKravitz, Richard H. | ||
| 245 | 4 | _aThe CPA Journal: the voice of the profession | |
| 245 | _cThe CPA Journal: the voice of the profession | ||
| 260 | _bThe New york state society of certified public accountants | ||
| 260 | _c2018. | ||
| 300 | _apages 5-80, January 2018 | ||
| 440 |
_aThe Tax cuts and jobs act: how will I impact taxpayers and the economy? _vLXXXXVIII.1 |
||
| 650 | _aAccountancy. | ||
| 650 | _aTaxation -- economic aspects. | ||
| 942 |
_2lcc _cSE |
||
| 999 |
_c358878 _d358878 |
||